000 00947cam a2200145ua 4500
041 _aeng
_h
082 _a620.172
_bIND/ME
110 1 _aIndian standards institution .
_bISI
_c()
245 _aMethod of test for splitting tensile strength of concrete cylinders,IS:5816-1970 /
_cIndian standards institution.
_hTextual Documents
260 _aNew Delhi :
_bIndian Standards Institution ,
_c1985.
300 _a10 ; .
504 _a
942 _cBK
999 _c4411
_d4411